Súbežné pracovné pomery, výkon inej zárobkovej činnosti a obmedzenie zárobkovej činnosti po skončení pracovného pomeru
Súbežné pracovné pomery a výkon inej zárobkovej činnosti popri pracovnom pomere u svojho zamestnávateľa. Možnosť obmedzenia zárobkovej činnosti zo strany zamestnávateľa po skončení pracovného pomeru zamestnanca, nároky a záväzky zamestnanca a zamestnávateľa. Zákaz zárobkovej činnosti zamestnanca a č...
Enregistré dans:
| Auteur principal: | |
|---|---|
| Format: | Chapitre de livre |
| Langue: | slovaque |
| Sujets: | |
| Tags: |
Pas de tags, Soyez le premier à ajouter un tag!
|
MARC
| LEADER | 00000naa a2200000 4500 | ||
|---|---|---|---|
| 001 | 0269160 | ||
| 005 | 20201013145653.0 | ||
| 041 | 0 | |a slo | |
| 044 | |a SK | ||
| 245 | 1 | 0 | |a Súbežné pracovné pomery, výkon inej zárobkovej činnosti a obmedzenie zárobkovej činnosti po skončení pracovného pomeru |c Slavomíra Andrea Rusnak |
| 520 | |a Súbežné pracovné pomery a výkon inej zárobkovej činnosti popri pracovnom pomere u svojho zamestnávateľa. Možnosť obmedzenia zárobkovej činnosti zo strany zamestnávateľa po skončení pracovného pomeru zamestnanca, nároky a záväzky zamestnanca a zamestnávateľa. Zákaz zárobkovej činnosti zamestnanca a činnosti majúcej voči činnosti zamestnávateľa konkurenčný charakter. Porušenie a zánik záväzku zo strany zamestnanca. | ||
| 610 | 2 | 0 | |a pomer pracovný súbežný |
| 610 | 2 | 0 | |a činnosť vedľajšia |
| 610 | 2 | 0 | |a činnosť konkurenčná |
| 610 | 2 | 0 | |a vzťahy pracovnoprávne |
| 610 | 2 | 0 | |a právo pracovné |
| 610 | 2 | 0 | |a zákonník práce |
| 610 | 2 | 0 | |a zamestnanci |
| 610 | 2 | 0 | |a zamestnávatelia |
| 100 | 1 | |a Rusnak, Slavomíra Andrea | |